[Event "Piacenza Region-ch"]
[Site "Piacenza"]
[Date "2023.01.15"]
[Round "4"]
[White "Medici, Roberto"]
[Black "Tirelli, Stefano"]
[Result "0-1"]
[WhiteElo "1113"]
[BlackElo "1645"]
[PlyCount "98"]
[EventDate "2023.01.13"]
[EventType "swiss"]
[EventRounds "5"]
[EventCountry "ITA"]
[SourceTitle "CBM 212 Extra"]
[Source "ChessBase"]
[SourceDate "2023.03.31"]
[SourceVersion "1"]
[SourceVersionDate "2023.03.31"]
[SourceQuality "1"]

1. e4 d6 2. Nf3 e5 3. Nc3 Nf6 4. Bc4 h6 5. d3 Be7 6. 0-0 Bg4 7. Be3 a6 8. d4 exd4 9. Bxd4 Nc6 10. Be2 0-0 11. a3 Nxd4 12. Qxd4 c5 13. Qe3 Re8 14. Rad1 Qc7 15. Nd5 Nxd5 16. exd5 Bf6 17. Qf4 Bh5 18. Bd3 b5 19. Rb1 Re7 20. Qf5 Bg6 21. Qg4 Bxd3 22. cxd3 Rae8 23. h3 Re2 24. Rfc1 Rxb2 25. Ra1 Rb3 26. Ra2 Rxd3 27. Nh4 Rd4 28. f4 Bxh4 29. Qxh4 Qe7 30. Qf2 Rxd5 31. Raa1 Rd4 32. Re1 Re4 33. Rec1 Re2 34. Qf1 Qe3+ 35. Kh1 Re4 36. Qg1 Qxf4 37. Rf1 Qe5 38. Qh2 Qxh2+ 39. Kxh2 Kf8 40. Rad1 Ke7 41. Rf3 a5 42. Rdf1 f6 43. Rd3 Ke6 44. Rfd1 Re5 45. Rxd6+ Kf5 46. Rf1+ Kg6 47. Rb6 c4 48. Rf3 Rg5 49. h4 Rgxg2+ 0-1

[Event "Piacenza Region-ch"]
[Site "Piacenza"]
[Date "2023.01.14"]
[Round "2"]
[White "Medici, Roberto"]
[Black "Pernigotti, Jacopo"]
[Result "0-1"]
[WhiteElo "1113"]
[BlackElo "1405"]
[PlyCount "96"]
[EventDate "2023.01.13"]
[EventType "swiss"]
[EventRounds "5"]
[EventCountry "ITA"]
[SourceTitle "CBM 212 Extra"]
[Source "ChessBase"]
[SourceDate "2023.03.31"]
[SourceVersion "1"]
[SourceVersionDate "2023.03.31"]
[SourceQuality "1"]

1. e4 e6 2. Nf3 d5 3. e5 c5 4. Be2 Nc6 5. c3 d4 6. cxd4 cxd4 7. d3 Nge7 8. 0-0 Ng6 9. Nbd2 Ngxe5 10. Nxe5 Nxe5 11. Nf3 Nc6 12. b3 Be7 13. Bb2 Bf6 14. Rc1 Bd7 15. Re1 Rc8 16. Bf1 Qb6 17. Qd2 h6 18. g3 Qd8 19. Bg2 g5 20. Re4 h5 21. Nxd4 Nxd4 22. Bxd4 Rxc1+ 23. Qxc1 Bxd4 24. Rxd4 Qf6 25. Qc5 b6 26. Qd6 Qe7 27. Qb8+ Qd8 28. Qxa7 f6 29. Bc6 Rh7 30. Qa8 Qxa8 31. Bxa8 Re7 32. a4 e5 33. Rb4 Re6 34. Be4 Ke7 35. Kg2 Rd6 36. Bf3 g4 37. Be4 f5 38. Bb7 Be6 39. Ba6 Bd5+ 40. Kg1 Rc6 41. d4 Rc1+ 42. Bf1 exd4 43. Rxd4 Bxb3 44. Rb4 Bd5 45. Rxb6 Bc4 46. Rb7+ Kd6 47. Rb8 Bxf1 48. a5 Bh3# 0-1